000 01257nam a2200277Ia 4500
003 OSt
005 20221005112114.0
006 a|||||r|||| 00| 0
007 ta
008 221004b |||||||| |||| 00| 0 hin d
020 _a9789380172424 (pbk)
_c200
024 _a8911
037 _b20474, 08/01/2014, Hindi Madhyam Karyanvyan Nideshalye
_cTextual
040 _aCRL
_cCRL
_bhin
041 _2hin
_ahin
082 _aY73(P1):1, 152Q1
100 _aथापर, रोमिला
245 0 _aआर्य
_b संरचना का पुनर्गठन
246 _aĀrya: sanrachanā kā punargaṭhana
260 _a्र्रदिल्ली
_bविश्वविद्यालय हिन्दी माध्यम कार्यान्वय निदेशालय भारत
_c2011
300 _a146पृ0
_ccm.
650 _aभारतीय-लोक साहित्य
700 _a सिंह, आदित्य नारायण, अनु.
_9163924
942 _hY73(P1):1, 152Q1
_cTEXL
_2cc
999 _c1023837
_d1023837